| 000 | 00920nam a2200229Ia 4500 | ||
|---|---|---|---|
| 003 | OSt | ||
| 005 | 20210108093124.0 | ||
| 008 | 191128t2010 ck gr 000 0 spa d | ||
| 020 | _a9789588585277 | ||
| 040 |
_aCO-JMCR _cCO-JMCR |
||
| 041 | 0 | _aspa | |
| 082 | 0 | 4 |
_a658.812 / _bL552c _223 |
| 100 | 1 |
_aLondoño Fernández, Jorge Arturo, _eautor _912776 |
|
| 245 | 1 | 0 |
_aCreciendo en el servicio / _cJ. Arturo Londoño F. |
| 260 |
_aMedellín : _bTiempo de mercadeo, _c©2010 |
||
| 300 |
_a[210] páginas ; _c22 cm. |
||
| 505 | 0 | _aEl servicio un estilo de vida -- El propósito del proyecto -- Una propuesta con sentido social -- Un pensamiento realmente positivo -- Verdadera actitud proactiva -- La capacidad para escuchar -- Una mirada estratégica del mundo | |
| 650 | 1 | 4 |
_aServicio al cliente _97206 |
| 650 | 2 | 4 |
_aAdministración de mercadeo _912246 |
| 650 | 2 | 4 |
_aSatisfacción al consumidor _912777 |
| 942 |
_2ddc _cBK |
||
| 999 |
_c6202 _d6202 |
||